Miasta przy Drodze Krajowej nr 62 - Statystyki

Ogólne statystyki
  • Ten quiz został rozwiązany 34 razy
  • Średni wynik to 12 z 16
Statystyki odpowiedzi
Ludność Województwo Miasto % Poprawnych
118 989 Mazowieckie Płock
87%
4 348 Mazowieckie Serock
87%
109 883 Kujawsko-Pomorskie Włocławek
78%
1 957 Podlaskie Drohiczyn
74%
28 660 Mazowieckie Nowy Dwór Mazowiecki
74%
12 526 Mazowieckie Węgrów
74%
27 074 Mazowieckie Wyszków
74%
2 687 Mazowieckie Wyszogród
74%
3 257 Mazowieckie Zakroczym
74%
6 842 Mazowieckie Łochów
70%
5 516 Kujawsko-Pomorskie Radziejów
70%
14 391 Podlaskie Siemiatycze
70%
18 945 Mazowieckie Sokołów Podlaski
70%
7 738 Mazowieckie Czerwińsk nad Wisłą
65%
4 596 Kujawsko-Pomorskie Brześć Kujawski
61%
8 809 Kujawsko-Pomorskie Kruszwica
61%
Nie znaleziono quizów pasujących do podanych kryteriów
Rozkład punktacji
Procent ludzi z każdym wynikiem
Percentyl według liczby udzielonych odpowiedzi
Twoja historia wyników
Nie rozwiązałeś tego quizu